| 000 | 00832nas a2200265 4500 | ||
|---|---|---|---|
| 001 | BR2015005645 | ||
| 003 | BR-BrBNA | ||
| 005 | 20231205125753.0 | ||
| 007 | ta | ||
| 008 | 230509b bl.|||p| |||| 00| 00por d | ||
| 040 |
_aBR-BrBNA _bpor _cBiblioteca Nacional de Agricultura |
||
| 041 | _a(En) | ||
| 072 | _aU30 | ||
| 100 | 1 | _aCano-Higuita, D.M. | |
| 100 | 1 | _aVélez, H.A.V. | |
| 100 | 1 | _aTelis, V.R.N. | |
| 245 | 1 | _aMicroencapsulation of turmeric oleoresin in binary and ternary blends of gum arabic maltodextrin and modified starch | |
| 650 | _aPESQUISA | ||
| 650 | _aSECAGEM | ||
| 650 | _aDESIDRATACAO | ||
| 650 | _aRENDIMENTO | ||
| 773 | 0 |
_tCiência e Agrotecnologia (Brazil) _xISSN 1413-7054 _g(Mar-Apr 2015), v. 39(2) p. 173-182 _wBR2015005645 |
|
| 909 |
_a202311 _bLúcia _c55 _dLúcia Elande |
||
| 942 |
_2AGRIS _n0 _cANA |
||
| 999 |
_c246046 _d246046 |
||